| 000 | 00000nam 2200000za 4500 |
| 001 | 9.614337 |
| 003 | CaOODSP |
| 005 | 20220825092425 |
| 007 | ta |
| 008 | 150406|1998||||xxc||||| f|0| 0 eng d |
| 020 | |a0-662-26672-2 |
| 040 | |aCaOODSP|beng |
| 043 | |an-cn--- |
| 086 | 1 |aEn153-97/1998-5-1E |
| 110 | 2 |aSt. Lawrence Centre. |
| 245 | 10|aDisturbance of the wildlife of the St. Lawrence River |
| 260 | |aMontreal - Quebec : |bEnvironment Canada. |c1998. |
| 300 | |a15p. : |billus., map, tables ; |c22 cm. |
| 490 | 1 |aState of the St. Lawrence River |
| 504 | |aBibliography. |
| 563 | |aSoftcover |
| 590 | |a01-51|b2001-12-28 |
| 690 | 07|aRivers|2gcpds |
| 690 | 07|aEcosystems|2gcpds |
| 690 | 07|aWater management|2gcpds |
| 775 | 08|tLe dérangement des espèces fauniques du Saint-Laurent |w(CaOODSP)9.624694 |
| 776 | 0#|tDisturbance of the wildlife of the St. Lawrence River |w(CaOODSP)9.571512 |
| 830 | #0|aState of the St. Lawrence River.|w(CaOODSP)9.514555 |